Modelo de Esman y Blaise para diagnósticos y la producción de un cambio en la estructura y la organización de la administración pública costarricense

Tallennettuna:
Bibliografiset tiedot
Yhteisötekijä: Costa Rica. Ministerio de la Presidencia. Oficina de Planificación Nacional y Política Económica
Aineistotyyppi: Teksti
Julkaistu: San José: La Oficina
Tagit: Lisää tagi
Ei tageja, Lisää ensimmäinen tagi!

MARC

LEADER 00000 a a2200000 04500
001 15417
003
040
090 |a 019000  
110 |a Costa Rica. Ministerio de la Presidencia. Oficina de Planificación Nacional y Política Económica  
245 |a Modelo de Esman y Blaise para diagnósticos y la producción de un cambio en la estructura y la organización de la administración pública costarricense  
260 |a San José:   |b La Oficina  
300 |a 30 p.  
999 |c 13165  |d 13165